000
00371nam a2200181Ia 4500
003
IT-RoPAU
008
120407s9999 xx 000 0 und d
040
_a
IT-RoPAU
040
_c
IT-RoPAU
100
_a
Josef Kurzinger
245
_a
Atti degli Apostoli
250
_a
Roma
260
_a
Città Nuova
300
_c
cm
490
_v
2
942
_c
BK
999
_c
1832
_d
1832